000 00723cam a22001935a 4500
001 L156034
008 120426s1833 xxk f 000 0 eng d
035 _a(Sirsi) u156034
041 0 _aeng
100 1 _aNesbit, Anthony
_d1778-1859
245 0 2 _aA complete treatise on practical land-surveying, in seven parts
_bdesigned chiefly for the use of schools and private students
250 _a5th ed., greatly enlarged by numerous additions and improvements
260 _aYork
_bLongman, Rees, Orme, Brown, Green and Longman
_c1833
300 _axix, 392, 16 p.
_bplates
_c24 cm.
583 _aCondition reviewed
_c20120620
_lcondition level 4
651 4 _aGreat Britain
_y1707-
690 _aMeasurement
_96256
942 _n0
999 _c113994
_d113994